000 00938nam a2200229 a 4500
003 AM-YEHGA
040 _aAM-YeHGA
942 _2udc
_cBK
001 1633350
005 20250617160852.0
008 190502s1961 ru |||||r|||||001|||rus|||||
041 0 _arus
100 1 _aСветкин, Юрий Владимирович
245 1 0 _aПолимеры на основе этилена и пропилена /
_cЮ.В. Светкин ; О-во по распространению полит. и науч. знаний РСФСР.
260 _aМосква :
_bБ. и.,
_c1961.
300 _a40 с. :
_c20 см.
504 _aБиблиогр. в конце книги
650 1 4 _aЭтилен, производные
650 1 4 _aПропилен, производные
710 2 _aОбщество по распространению политических и научных знаний РСФСР
090 _c464608
999 _c461481
_d461481